000 00361nam a2200157Ia 4500
008 260407s2022 xx 000 0 und d
041 _aeng
082 _a891.46/SAG
_b12249
100 _aK.SAGAR
245 _a72 MARATHI NIBHADHA
250 _a3RD
260 _aPUNE
_bK.SAGAR PUB HOUSE
_c2022
300 _a133p
650 _aGENERAL
650 _aGENERAL
999 _c1219741
_d1219741